00618nam a22001817a 4500003000900000008004100009040007100050082002200121100003300143245004300176260001900219300004300238505005700281650002300338650001200361650002100373710004200394AR-CdUCM190411b ||||| |||| 00| 0 spa d aMUNICIPALIDAD PROVINCIAL DEL CUSCOcBIBLIOTECA MUNICIPAL DEL CUSCO aC / 498.50 /bV78 aVizcarra Fano, Carmen Gloria aMétodo fácil de aprender quechua / aCusco :c1969. a48 páginas ;bIlustraciones,c20 cm. aContenido: Manual didáctico para aprender quechua. aManual didáctico aQuechua aAprender quechua aAcademia peruana de la lengua Quechua